|
|
|
|
| LEADER |
00000naa2a2200000 4500 |
| 001 |
393437 |
| 005 |
20231101064407.0 |
| 035 |
|
|
|a (RuTPU)RU\TPU\prd\29488
|
| 090 |
|
|
|a 393437
|
| 100 |
|
|
|a 20041103a2004 k y0rusy50 ca
|
| 101 |
0 |
|
|a rus
|
| 102 |
|
|
|a RU
|
| 200 |
1 |
|
|a Матрица требований для информационно-измерительной системы управления диагностикой и безопасностью газораспределительных станций ОАО "Газпром"
|f Ю. И. Есин, В. М. Клищевская, Н. Г. Петров и др.
|
| 225 |
1 |
|
|a Метрологическая служба
|
| 320 |
|
|
|a Библиогр.: 4 назв.
|
| 461 |
|
1 |
|0 (RuTPU)RU\TPU\prd\1509
|x 0368-1025
|t Измерительная техника
|l Measurement Techniques
|o научно-технический журнал
|f Российская Федерация, Федеральное агентство по техническому регулированию и метрологии (Ростехрегулирование) (Госстандарт России)
|d 1940-1941, 1955-
|
| 463 |
|
1 |
|0 (RuTPU)RU\TPU\prd\26834
|t № 5
|v С. 67-71
|d 2004
|
| 610 |
1 |
|
|a атоматический контроль
|
| 610 |
1 |
|
|a газораспределительные станции
|
| 610 |
1 |
|
|a базы данных
|
| 610 |
1 |
|
|a диагностика
|
| 610 |
1 |
|
|a управление газовыми системами
|
| 610 |
1 |
|
|a требования
|
| 610 |
1 |
|
|a безопасность
|
| 675 |
|
|
|a 681.51:621.3.002.5:621.039.6:533.95
|v 3
|
| 701 |
|
1 |
|a Есин
|b Ю. И.
|
| 701 |
|
1 |
|a Клищевская
|b В. М.
|
| 701 |
|
1 |
|a Петров
|b Н. Г.
|
| 701 |
|
1 |
|a Сарычев
|b Г. А.
|
| 701 |
|
1 |
|a Тутнов
|b И. А.
|
| 801 |
|
1 |
|a RU
|b 63413507
|c 20041103
|g PSBO
|
| 801 |
|
2 |
|a RU
|b 63413507
|c 20121217
|g RCR
|
| 942 |
|
|
|c BK
|